A real time location based business directory (Record no. 489717)

000 -LEADER
fixed length control field 00409nam a22001337a 4500
082 ## - DEWEY DECIMAL CLASSIFICATION NUMBER
Classification number BICSE-7,PR,1455
100 ## - MAIN ENTRY--PERSONAL NAME
Personal name Shazar Anis
9 (RLIN) 92259
245 ## - TITLE STATEMENT
Title A real time location based business directory
260 ## - PUBLICATION, DISTRIBUTION, ETC.
Place of publication, distribution, etc. NUST SEECS Islamabad
Name of publisher, distributor, etc. NUST SEECS Islamabad
Date of publication, distribution, etc. 2013
300 ## - PHYSICAL DESCRIPTION
Extent 33
500 ## - GENERAL NOTE
General note Supervisor;DR.Usman Younis
856 ## - ELECTRONIC LOCATION AND ACCESS
Uniform Resource Identifier <a href="http://10.250.8.41:8080/xmlui/handle/123456789/28764">http://10.250.8.41:8080/xmlui/handle/123456789/28764</a>
942 ## - ADDED ENTRY ELEMENTS (KOHA)
Koha item type Book
Source of classification or shelving scheme
Holdings
Withdrawn status Lost status Source of classification or shelving scheme Damaged status Not for loan Permanent Location Current Location Shelving location Date acquired Full call number Barcode Date last seen Price effective from Koha item type
WITHDRAWN         Central Library (CL) Central Library (CL) General Stacks 10/12/2014 BICSE-7 SEECSP01455 10/12/2014 09/26/2018 Project Report
© 2023 Central Library, National University of Sciences and Technology. All Rights Reserved.